<?xml version="1.0" encoding="UTF-8"?><?xml-stylesheet type="text/xsl" href="static/style.xsl"?><OAI-PMH xmlns="http://www.openarchives.org/OAI/2.0/" xmlns:xsi="http://www.w3.org/2001/XMLSchema-instance" xsi:schemaLocation="http://www.openarchives.org/OAI/2.0/ http://www.openarchives.org/OAI/2.0/OAI-PMH.xsd"><responseDate>2026-04-13T05:52:57Z</responseDate><request verb="GetRecord" identifier="oai:www.recercat.cat:20.500.14342/648" metadataPrefix="marc">https://recercat.cat/oai/request</request><GetRecord><record><header><identifier>oai:recercat.cat:20.500.14342/648</identifier><datestamp>2025-03-11T12:44:09Z</datestamp><setSpec>com_2072_482405</setSpec><setSpec>com_2072_183628</setSpec><setSpec>col_2072_482410</setSpec></header><metadata><record xmlns="http://www.loc.gov/MARC21/slim" xmlns:dcterms="http://purl.org/dc/terms/" xmlns:xsi="http://www.w3.org/2001/XMLSchema-instance" xmlns:doc="http://www.lyncode.com/xoai" xsi:schemaLocation="http://www.loc.gov/MARC21/slim http://www.loc.gov/standards/marcxml/schema/MARC21slim.xsd">
   <leader>00925njm 22002777a 4500</leader>
   <datafield ind2=" " ind1=" " tag="042">
      <subfield code="a">dc</subfield>
   </datafield>
   <datafield ind2=" " ind1=" " tag="720">
      <subfield code="a">Miotto, Giorgia</subfield>
      <subfield code="e">author</subfield>
   </datafield>
   <datafield ind2=" " ind1=" " tag="720">
      <subfield code="a">Payne, Gregory</subfield>
      <subfield code="e">author</subfield>
   </datafield>
   <datafield ind2=" " ind1=" " tag="260">
      <subfield code="c">2019</subfield>
   </datafield>
   <datafield ind2=" " ind1=" " tag="520">
      <subfield code="a">En un entorno caracterizado por un flujo continuo de información gratuita en la red, tanto los medios de comunicación como las marcas luchan cada día para ganar la batalla en la economía de la atención de los públicos. Los formatos publicitarios tradicionales son percibidos como intrusivos e ineficaces. Es por ello que, conjuntamente con una coyuntura económica poco favorable, la inversión en publicidad tradicional en las versiones impresas y digitales de los periódicos está disminuyen-do constantemente. Empresas y medios de comunicación han encontrado en el branded content una nueva forma de conectar con los públicos. El objetivo de esta investigación es describir el caso paradigmático del New York Times, pionero en la creación y difusión de campañas de branded content. Analizamos diez ejemplos de campañas para medir el nivel de presencia de la marca patrocinadora, los formatos utilizados y si existe una búsqueda de legitimización a la hora de crear relaciones con los stakeholders a través del branded content. Utilizamos la metodología del análisis de contenido. La investigación muestra que, en el caso del New York Ti-mes, el branded content es una estrategia a medio-largo plazo, no centrada en el producto y que tiene el fin de crear una relación con los stakeholders basada en la creación y difusión de contenido útil, interesante y, a menudo, con valor pedagógico que aporta valor a la sociedad en su conjunto.</subfield>
   </datafield>
   <datafield ind2=" " ind1=" " tag="520">
      <subfield code="a">In an environment characterized by a continuous flow of free information through the network, both the media and brands struggle every day to win the battle in the economy of public attention. Traditional advertising formats are perceived as intrusive and ineffective. That is why, together with an unfavorable economic situa-tion, the investment in traditional advertising in the printed and digital versions of newspapers is constantly decreasing. Companies and media have found in branded content a new way to connect with the public. The objective of this research is to describe the paradigmatic case of the New York Times, a pioneer in the creation and dissemination of branded content campaigns. We analyze ten examples of cam-paigns to measure the level of presence of the sponsoring brand, the formats used and if there is a quest for legitimization when creating relationships with stake-holders through branded content. We use the methodology of content analysis. The research shows that, according with the New York Times case study, branded content is a medium-long term strategy, not focused on the product and that aims to create a relationship with stakeholders based on the creation and dissemination of useful, interesting content and, often, with pedagogical significance that adds value to society as a whole.</subfield>
   </datafield>
   <datafield ind1="8" ind2=" " tag="024">
      <subfield code="a">http://hdl.handle.net/20.500.14342/648</subfield>
   </datafield>
   <datafield ind1="8" ind2=" " tag="024">
      <subfield code="a">http://dx.doi.org/10.6035/2174-0992.2019.17.3</subfield>
   </datafield>
   <datafield tag="653" ind2=" " ind1=" ">
      <subfield code="a">Marques de fàbrica</subfield>
   </datafield>
   <datafield tag="653" ind2=" " ind1=" ">
      <subfield code="a">Publicitat</subfield>
   </datafield>
   <datafield tag="653" ind2=" " ind1=" ">
      <subfield code="a">Narració de contes</subfield>
   </datafield>
   <datafield tag="653" ind2=" " ind1=" ">
      <subfield code="a">Construcció de marca (Màrqueting)</subfield>
   </datafield>
   <datafield tag="653" ind2=" " ind1=" ">
      <subfield code="a">Llenguatge publicitari</subfield>
   </datafield>
   <datafield tag="653" ind2=" " ind1=" ">
      <subfield code="a">New York Times</subfield>
   </datafield>
   <datafield ind2="0" ind1="0" tag="245">
      <subfield code="a">Branded content: una nueva apuesta para el New York Times</subfield>
   </datafield>
</record></metadata></record></GetRecord></OAI-PMH>